000 00838nam a2200241Ia 4500
003 OSt
005 20221005113247.0
006 a|||||r|||| 00| 0
007 ta
008 221004b |||||||| |||| 00| 0 pan d
020 _a8130200988 (hbk)
_c180
024 _a104613
037 _b509, 02/02/2011, H.K. Prakashan
_cTextual
040 _aCRL
_cCRL
_bpan
041 _2pan
_apan
082 _aQ8441w1J63:g, 153P7
100 _aਜੋਧ ਸਿੰਘ
245 0 _aਗੁਰੂ ਅਰਜਨ ਦੇਵ
_b ਹੀਦੀ ਅਤੇ ਰਚਨਾ
260 _aਪਟਿਆਲਾ
_bਪੰਜਾਬ ਯੂਨੀਵਰਸਿਟੀ ਭਾਰਤ
_c2007
300 _a274ਪੰ
_ccm.
942 _hQ8441w1J63:g, 153P7
_cTEXL
_2cc
999 _c1027578
_d1027578